[Event "Kostroma-ch"]
[Site "Kostroma"]
[Date "2014.09.26"]
[Round "3"]
[White "Strelnikov, Sergey"]
[Black "Rakhmangulov, Andrei"]
[Result "1/2-1/2"]
[WhiteElo "2382"]
[BlackElo "2346"]
[PlyCount "25"]
[EventDate "2014.??.??"]
[EventType "tourn"]
[EventRounds "9"]
[EventCountry "RUS"]
[SourceTitle "EXT 2015"]
[Source "ChessBase"]
[SourceDate "2014.11.20"]
[SourceVersion "1"]
[SourceVersionDate "2014.11.20"]
[SourceQuality "1"]

1. e4 d6 2. d4 Nf6 3. Nc3 g6 4. Nf3 Bg7 5. Be2 0-0 6. 0-0 Bg4 7. Be3 Nc6 8. h3 Bxf3 9. Bxf3 e5 10. dxe5 dxe5 11. Nd5 Nxd5 12. exd5 Nd4 13. Bxd4 1/2-1/2

[Event "EU-Cup 27th"]
[Site "Rogaska Slatina"]
[Date "2011.09.26"]
[Round "2"]
[White "Strelnikov, Sergey"]
[Black "Mickevicius, Juras"]
[Result "1/2-1/2"]
[WhiteElo "2418"]
[BlackElo "2342"]
[PlyCount "146"]
[EventDate "2011.09.25"]
[EventType "team-swiss"]
[EventRounds "7"]
[EventCountry "SLO"]
[SourceTitle "CBM 145"]
[Source "ChessBase"]
[SourceDate "2011.11.11"]
[SourceVersion "1"]
[SourceVersionDate "2011.11.11"]
[SourceQuality "1"]
[WhiteTeam "Shtrafbat"]
[BlackTeam "Vilnius"]
[WhiteTeamCountry "UKR"]
[BlackTeamCountry "LTU"]

1. d4 Nf6 2. c4 e6 3. Nc3 Bb4 4. f3 d5 5. a3 Be7 6. e4 dxe4 7. fxe4 e5 8. d5 Bc5 9. Nf3 Bg4 10. h3 Bxf3 11. Qxf3 Nbd7 12. g4 h6 13. h4 Qe7 14. g5 hxg5 15. hxg5 Rxh1 16. Qxh1 Ng8 17. Bd2 0-0-0 18. 0-0-0 Bd4 19. Kc2 f6 20. b4 fxg5 21. Bh3 Kb8 22. Qg2 Ngf6 23. Bxg5 a5 24. Rb1 axb4 25. axb4 Bxc3 26. Bxf6 Qxf6 27. Kxc3 Qh6 28. Re1 Qa6 29. Qb2 Nb6 30. Qb3 Rf8 31. Bg4 Rf4 32. Bd1 Qa1+ 33. Kc2 Qd4 34. Qc3 Rf2+ 35. Kb3 Rd2 36. Qxd4 Rxd4 37. c5 Nc4 38. Bc2 b6 39. Kc3 bxc5 40. bxc5 Na5 41. Rb1+ Ka7 42. c6 Rc4+ 43. Kd3 Rd4+ 44. Ke2 Rc4 45. Rb2 Rc3 46. Kd2 Ra3 47. Bd3 Rb3 48. Rxb3 Nxb3+ 49. Ke3 Kb6 50. Kf3 Kc5 51. Kg4 Kd6 52. Kg5 Nd4 53. Kg6 Nb3 54. Kxg7 Nd4 55. Kf6 Nb3 56. Bc2 Nd4 57. Bd1 Nb5 58. Kf7 Nd4 59. Ke8 Nb5 60. Kd8 Nc3 61. Bf3 Na4 62. Kc8 Nc5 63. Kb8 Nd3 64. Ka7 Nc5 65. Bg2 Ke7 66. Bf3 Kd6 67. Kb8 Nd3 68. Kc8 Nc5 69. Kd8 Nd3 70. Ke8 Nc5 71. Kf7 Nb3 72. Kf6 Nd4 73. Bd1 Nb5 1/2-1/2

[Event "UKR-chT Clubs"]
[Site "Alushta"]
[Date "2011.05.13"]
[Round "1.1"]
[White "Strelnikov, Sergey"]
[Black "Kusnetsov, Sergey"]
[Result "1-0"]
[WhiteElo "2425"]
[BlackElo "2305"]
[PlyCount "75"]
[EventDate "2011.05.13"]
[EventType "team-tourn"]
[EventRounds "9"]
[EventCountry "UKR"]
[SourceTitle "CBM 142 Extra"]
[Source "ChessBase"]
[SourceDate "2011.06.27"]
[SourceVersion "1"]
[SourceVersionDate "2011.06.27"]
[SourceQuality "1"]
[WhiteTeam "Lugansk"]
[BlackTeam "Nikopol Nika-NZF"]
[WhiteTeamCountry "UKR"]
[BlackTeamCountry "UKR"]

1. Nf3 d5 2. g3 Nf6 3. Bg2 g6 4. b3 Bg7 5. Bb2 c5 6. 0-0 Nc6 7. d3 0-0 8. Nbd2 b6 9. c4 Bb7 10. cxd5 Nxd5 11. Bxg7 Kxg7 12. Qc2 e5 13. Qb2 f6 14. Rfd1 Qe7 15. a3 Rad8 16. e3 Rd7 17. Bh3 Rdd8 18. Rac1 Rfe8 19. Rc2 Qf7 20. Rdc1 Ndb4 21. axb4 Nxb4 22. Ra1 Nxd3 23. Qc3 a5 24. Bf1 Nb4 25. Rcc1 Qc7 26. Ne1 Re7 27. Nc4 Red7 28. Bh3 Rd3 29. Qb2 Ba8 30. Bg2 b5 31. Nxa5 Bxg2 32. Kxg2 Rd2 33. Qc3 Na2 34. Qxc5 Qxa5 35. Nf3 R2d7 36. Rc2 Qb4 37. Raxa2 Qxb3 38. Rab2 1-0